| 000 | 01258cam a22003374a 4500 | ||
|---|---|---|---|
| 999 |
_c28547 _d28518 |
||
| 001 | 13976168 | ||
| 003 | EG-ScBUE | ||
| 005 | 20200809131538.0 | ||
| 008 | 050520t2005 maua f b 000 0 eng d | ||
| 020 | _a1405139218 (alk. paper) | ||
| 040 |
_aDLC _beng _erda _cDLC _dDLC _dEG-ScBUE |
||
| 082 | 0 | 4 |
_a658.022 _bKEY _222 |
| 245 | 0 | 0 |
_aKeystones of entrepreneurship knowledge / _cedited by Robert van der Horst, Sandra King-Kauanui, Susan Duffy. |
| 264 | 1 |
_aMalden, MA : _bBlackwell Publishing, Inc., _c[2005] |
|
| 264 | 4 | _cc2005 | |
| 300 |
_ax, 463 pages : _billustrations ; _c23 cm |
||
| 336 |
_2rdacontent _atext _btxt |
||
| 337 |
_2rdamedia _aunmediated _bn |
||
| 338 |
_2rdacarrier _avolume _bnc |
||
| 500 | _aIncludes appendices. | ||
| 650 | 7 |
_aEntrepreneurship. _2BUEsh |
|
| 653 |
_bBUSADM _cJuly2020 |
||
| 655 |
_vReading book _934232 |
||
| 700 | 1 |
_aHorst, Rob van der, _eeditor. |
|
| 700 | 1 |
_aKing-Kauanui, Sandra, _eeditor. |
|
| 700 | 1 |
_aDuffy, Susan, _eeditor. |
|
| 710 | 2 | _aInternational Council for Small Business. | |
| 906 |
_a7 _bcbc _corignew _d1 _eocip _f20 _gy-gencatlg |
||
| 942 |
_2ddc _cBB |
||